|
|
|
|
| LEADER |
01492nam a2200397 a 4500 |
| 001 |
EBC3019745 |
| 003 |
MiAaPQ |
| 005 |
20200520144314.0 |
| 006 |
m o d | |
| 007 |
cr cn||||||||| |
| 008 |
080821s2009 nyuad sb 001 0 eng d |
| 010 |
|
|
|z 2008036856
|
| 020 |
|
|
|z 9781604568479 (hardcover)
|
| 020 |
|
|
|z 160456847X (hardcover)
|
| 020 |
|
|
|a 9781614702443 (electronic bk.)
|
| 035 |
|
|
|a (MiAaPQ)EBC3019745
|
| 035 |
|
|
|a (Au-PeEL)EBL3019745
|
| 035 |
|
|
|a (CaPaEBR)ebr10671310
|
| 035 |
|
|
|a (OCoLC)776163564
|
| 040 |
|
|
|a MiAaPQ
|c MiAaPQ
|d MiAaPQ
|
| 043 |
|
|
|a n-mx---
|
| 050 |
|
4 |
|a HC135
|b .M5268 2009
|
| 082 |
0 |
4 |
|a 330.972
|2 22
|
| 245 |
0 |
0 |
|a Mexico
|h [electronic resource] :
|b economic, political and social issues /
|c Maria L. Castro and Irene P. Navarro, editors.
|
| 260 |
|
|
|a New York :
|b Nova Science Publishers,
|c c2009.
|
| 300 |
|
|
|a xiii, 179 p. :
|b ill.
|
| 504 |
|
|
|a Includes bibliographical references and index.
|
| 533 |
|
|
|a Electronic reproduction. Ann Arbor, MI : ProQuest, 2015. Available via World Wide Web. Access may be limited to ProQuest affiliated libraries.
|
| 651 |
|
0 |
|a Mexico
|x Economic conditions
|y 1994-
|
| 651 |
|
0 |
|a Mexico
|x Social conditions
|y 21st century.
|
| 651 |
|
0 |
|a Mexico
|x Politics and government
|y 2000-
|
| 655 |
|
4 |
|a Electronic books.
|
| 700 |
1 |
|
|a Castro, Maria L.
|
| 700 |
1 |
|
|a Navarro, Irene P.
|
| 710 |
2 |
|
|a ProQuest (Firm)
|
| 856 |
4 |
0 |
|u https://ebookcentral.proquest.com/lib/matrademy/detail.action?docID=3019745
|z Click to View
|